000 00381nam a2200145Ia 4500
008 191201s2008 xx 000 0 und d
082 _a658.31
_bRAH
100 _aRAO, T V
245 0 _aHRD Audit: Evaluating the Human Resource Function for Business Improvement
250 _aRep.
260 _aN.Delhi
_bResponse Books
_c2008
300 _a344
650 _aMBA
942 _2ddc
_cBK
999 _c3555
_d3555